| 000 | 01334nam a22002057a 4500 | ||
|---|---|---|---|
| 999 |
_c5918 _d5918 |
||
| 003 | OSt | ||
| 005 | 20251128094525.0 | ||
| 008 | 251128b ||||| |||| 00| 0 eng d | ||
| 020 | _a9781406391725 | ||
| 040 | _cKH8 | ||
| 082 | _aFIC BEL | ||
| 100 |
_aBell, Jennifer, _eauthor. |
||
| 245 |
_aWonderscape / _cJennifer Bell. |
||
| 260 |
_aLondon ; _bWalker Books Ltd , _c2020. |
||
| 300 |
_a345 pages : _c20 cm. |
||
| 520 | _aWhen Arthur, Ren and Cecily investigate a mysterious explosion on their way to school, they find themselves trapped aboard The Principia a scientific research ship sailing through hazardous waters, captained by one Isaac Newton.Lost in the year 2473 in the Wonderscape, an epic in-reality adventure game, they must call on the help of some unlikely historical heroes, to play their way home before time runs out.Jumanji meets Ready Player One in this fast-paced adventure featuring incredible real-life heroes, from the internationally bestselling author of The Uncommoners series. "A whirlwind of fun and mystery across space and time." Thomas Taylor, author of Malamander Eight-plus readers with a taste for adventure and science will immerse themselves in the Uncommoners author Jennifer Bells exciting new Wonderscape | ||
| 650 |
_aAdventure _vfiction |
||
| 650 |
_aVideo game _vfiction |
||
| 942 |
_2ddc _cFIC |
||